| 000 -LEADER |
| fixed length control field |
00519cam a2200157 a 4500 |
| 020 ## - INTERNATIONAL STANDARD BOOK NUMBER |
| ISBN |
9241541490 (pbk.) : |
| 040 ## - CATALOGING SOURCE |
| Transcribing agency |
DLC |
| 082 00 - DEWEY DECIMAL CLASSIFICATION NUMBER |
| Classification number |
362 WHO 1980 A107 Or. |
| 245 00 - TITLE STATEMENT |
| Title |
Towards a better future : |
| Remainder of title |
maternal and child health. |
| 260 ## - PUBLICATION, DISTRIBUTION, ETC. (IMPRINT) |
| Place of publication |
Geneva : |
| Name of publisher |
World Health Organization ; |
| Place of publication |
[Albany, N.Y. : |
| Name of publisher |
Sold by WHO Publications Centre USA], |
| Year of publication |
1980. |
| 300 ## - PHYSICAL DESCRIPTION |
| Number of Pages |
42 p. : |
| Other physical details |
ill. ; |
| Dimensions |
24 cm. |
| 650 #0 - SUBJECT ADDED ENTRY--TOPICAL TERM |
| Topical Term |
Maternal health services. |
| 650 #0 - SUBJECT ADDED ENTRY--TOPICAL TERM |
| Topical Term |
Child health services. |
| 710 2# - ADDED ENTRY--CORPORATE NAME |
| Corporate name or jurisdiction name as entry element |
World Health Organization. |
| 942 ## - ADDED ENTRY ELEMENTS (KOHA) |
| Koha item type |
សៀវភៅភាសាអង់គ្លេស |
| 952 ## - LOCATION AND ITEM INFORMATION (KOHA) |
| Withdrawn status [LOCAL, KOHA] |
0 |